Arsenic Contamination In Ground Water Of Southern Punjab (Record no. 234834)

000 -LEADER
fixed length control field nam a22 7a 4500
003 - CONTROL NUMBER IDENTIFIER
control field Nust
005 - DATE AND TIME OF LATEST TRANSACTION
control field 20170331104554.0
008 - FIXED-LENGTH DATA ELEMENTS--GENERAL INFORMATION
fixed length control field 170331b xxu||||| |||| 00| 0 eng d
020 ## - INTERNATIONAL STANDARD BOOK NUMBER
International Standard Book Number 0
040 ## - CATALOGING SOURCE
Transcribing agency 0
050 ## - LIBRARY OF CONGRESS CALL NUMBER
Classification number 333.91 KAH
082 ## - DEWEY DECIMAL CLASSIFICATION NUMBER
Classification number 333.91 KAH
100 ## - MAIN ENTRY--PERSONAL NAME
Personal name Kahlown,Dr Muhammad Akram
245 ## - TITLE STATEMENT
Title Arsenic Contamination In Ground Water Of Southern Punjab
Statement of responsibility, etc. Dr.Muhammad Akram Kahlown
260 ## - PUBLICATION, DISTRIBUTION, ETC.
Place of publication, distribution, etc. Islamabad
Name of publisher, distributor, etc. PCRWR
Date of publication, distribution, etc. 2003
300 ## - PHYSICAL DESCRIPTION
Extent 31p.
500 ## - GENERAL NOTE
General note P.B
942 ## - ADDED ENTRY ELEMENTS (KOHA)
Source of classification or shelving scheme
Koha item type Book
Call number prefix 333.91 KAH
Holdings
Withdrawn status Lost status Source of classification or shelving scheme Damaged status Not for loan Collection code Permanent Location Current Location Shelving location Date acquired Total Checkouts Full call number Barcode Date last seen Price effective from Koha item type
            Institute of Environmental Science and Engineering (IESE) Institute of Environmental Science and Engineering (IESE) General Stacks 03/31/2017   333.91 KAH IESE-2581 03/31/2017 03/31/2017 Book
© 2023 Central Library, National University of Sciences and Technology. All Rights Reserved.